Catálogo público

Alimentación de las aves / (Record no. 164855)

MARC details
000 -CABECERA
campo de control de longitud fija 02754nam a2200409 a 4500
001 - NÚMERO DE CONTROL
campo de control Z_1764
003 - IDENTIFICADOR DEL NÚMERO DE CONTROL
campo de control CHAP
005 - FECHA Y HORA DE LA ÚLTIMA TRANSACCIÓN
campo de control 20240819122414.0
007 - CAMPO FIJO DE DESCRIPCIÓN FÍSICA--INFORMACIÓN GENERAL
campo de control de longitud fija ta
008 - DATOS DE LONGITUD FIJA--INFORMACIÓN GENERAL
campo de control de longitud fija 220113s1996 mx a fr 001 0 spa d
010 ## - NÚMERO DE CONTROL DE LA BIBLIOTECA DEL CONGRESO
Número de control de LC 164855
020 ## - NÚMERO INTERNACIONAL ESTÁNDAR DEL LIBRO
Número Internacional Estándar del Libro 968-884-335
040 ## - FUENTE DE LA CATALOGACIÓN
Centro catalogador/agencia de origen Z
Centro/agencia transcriptor CHAP
041 0# - CÓDIGO DE LENGUA
Código de lengua del sumario o resumen Español
Código de lengua de la tabla de contenido Español
082 00 - NÚMERO DE LA CLASIFICACIÓN DECIMAL DEWEY
Número de clasificación 636.5085
Número de documento/Ítem C83 1996
Número de edición 20
100 1# - ENTRADA PRINCIPAL--NOMBRE DE PERSONA
Nombre de persona Cuca García, Manuel
9 (RLIN) 29989
245 10 - MENCIÓN DE TÍTULO
Título Alimentación de las aves /
Mención de responsabilidad, etc. Manuel Cuca García; Ernesto Avila González; Arturo Pro Martínez
250 ## - MENCIÓN DE EDICIÓN
Mención de edición Octava edición
264 #1 - PRODUCCIÓN, PUBLICACIÓN, DISTRIBUCIÓN, FABRICACIÓN Y COPYRIGHT
Producción, publicación, distribución, fabricación y copyright Chapingo, Estado de México :
Nombre del de productor, editor, distribuidor, fabricante UACh. Dirección de Patronato Universitario. Departamento de Zootecnia,
Fecha de producción, publicación, distribución, fabricación o copyright 1996
300 ## - DESCRIPCIÓN FÍSICA
Extensión 154 páginas :
Otras características físicas ilustraciones, tablas
336 ## - TIPO DE CONTENIDO
Fuente rdacontent
Término de tipo de contenido texto
Código de tipo de contenido txt
337 ## - TIPO DE MEDIO
Fuente rdamedia
Nombre/término del tipo de medio sin medio
Código del tipo de medio n
338 ## - TIPO DE SOPORTE
Fuente rdacarrier
Nombre/término del tipo de soporte volumen
Código del tipo de soporte nc
500 ## - NOTA GENERAL
Nota general ej.1 - ej. 14: S/N <br/>ej.3 y ej.5: Perdidos<br/>ej.9: no existe
504 ## - NOTA DE BIBLIOGRAFÍA, ETC.
Nota de bibliografía, etc. Bibliografía: páginas 149 - 154
505 00 - NOTA DE CONTENIDO CON FORMATO
Información miscelánea Objetivos de la nutrición aviar -- Proteínas -- Vitaminas -- Minerales -- Agua -- Carbohidratos -- Grasas -- Aditivos -- Formación del huevo -- Interacción entre nutrición y tensión-enfermedad -- Fuentes de energía y proteínas para la alimentación de las aves -- Fuentes alternativas de ingredientes para aves -- Análisis de la materia prima -- El problema de las aflatoxinas en la alimentación de las aves --Formulación de dietas -- Bibliografía.
520 ## - SUMARIO, ETC.
Sumario, etc. La industria avícola no sólo es importante desde el punto de vista económico, sino que también lo es desde el punto de vista social, ya que la proteína animal que aporta la carne y huevo, principalmente este último producto, es de las más baratas. para conseguir esto la avicultura se ha tecnificado, lo que le ha permitido mantener precios accesibles para el consumidor. Uno de los factores más importantes par lograrlo es sin suda la nutrición aviar, ya que representa 60% a 70% de los costos de producción. En la presente publicación se dan normas que pueden emplear los nutriólogos y los avicultores. También se considera que puede ser de utilidad para los estudiantes de los cursos de avicultura y nutrición, ya que les permite saber las necesidades nutritivas de las aves y conocer las propiedades de los ingredientes que se están usando para elaborar los alimentos balanceados; así como los problemas que aquejan la avicultura.
650 13 - PUNTO DE ACCESO ADICIONAL DE MATERIA--TÉRMINO DE MATERIA
Término de materia o nombre geográfico como elemento de entrada Aves de corral
Subdivisión general Alimentación
9 (RLIN) 8638
650 13 - PUNTO DE ACCESO ADICIONAL DE MATERIA--TÉRMINO DE MATERIA
Término de materia o nombre geográfico como elemento de entrada Aves de corral
Subdivisión general Nutrición
9 (RLIN) 8672
650 13 - PUNTO DE ACCESO ADICIONAL DE MATERIA--TÉRMINO DE MATERIA
Término de materia o nombre geográfico como elemento de entrada Requerimientos nutritivos
9 (RLIN) 141553
700 1# - PUNTO DE ACCESO ADICIONAL--NOMBRE DE PERSONA
Nombre de persona Ávila González, Ernesto
9 (RLIN) 82462
Término indicativo de función/relación autor
700 1# - PUNTO DE ACCESO ADICIONAL--NOMBRE DE PERSONA
Nombre de persona Pro Martínez, Arturo
9 (RLIN) 91680
Término indicativo de función/relación autor
942 ## - ELEMENTOS DE PUNTO DE ACCESO ADICIONAL (KOHA)
Tipo de ítem Koha Libro
Fuente del sistema de clasificación o colocación Dewey Decimal Classification
901 ## - ELEMENTOS DE DATOS A LOCAL LDA (RLIN)
a 636.5085 C83
902 ## - ELEMENTOS DE DATOS B LOCAL, LDB (RLIN)
a M
910 ## - DATOS DE OPCIÓN DEL USUARIO (OCLC)
Datos de opción del usuario 1996
Holdings
Estado de retiro Estado de pérdida Fuente del sistema de clasificación o colocación Estado dañado Restricciones de uso No para préstamo Código de colección Localización permanente Ubicación/localización actual Fecha de adquisición Número de inventario Signatura topográfica completa Código de barras Fecha visto por última vez Número de copia Precio válido a partir de Tipo de ítem Koha Total de préstamos Fecha del último préstamo
    Dewey Decimal Classification   Préstamo 5 días   General Zootecnia Zootecnia 30/09/2011 S/N 636.5085 C83 1996 5102000586 18/01/2022 Ej.13 18/01/2022 Libro    
    Dewey Decimal Classification   Préstamo 5 días   General Zootecnia Zootecnia 30/09/2011 S/N 636.5085 C83 1996 5102000587 23/06/2025 Ej.14 18/01/2022 Libro 4 23/06/2025
    Dewey Decimal Classification   Préstamo interno   General Zootecnia Zootecnia 09/11/2005 S/N 636.5085 C83 1996 5102003227 18/01/2022 Ej.1 18/01/2022 Libro    
    Dewey Decimal Classification   Préstamo 5 días   General Zootecnia Zootecnia 09/11/2005 S/N 636.5085 C83 1996 5102003311 18/01/2022 Ej.2 18/01/2022 Libro    
    Dewey Decimal Classification     Excluido de préstamo General Zootecnia Zootecnia 09/11/2005   636.5085 C83 1996 5102004766 18/01/2022 Ej.3 18/01/2022 Libro    
    Dewey Decimal Classification   Préstamo 5 días   General Zootecnia Zootecnia 09/11/2005 S/N 636.5085 C83 1996 5102004767 06/11/2023 Ej.4 18/01/2022 Libro 2 19/10/2023
    Dewey Decimal Classification     Excluido de préstamo General Zootecnia Zootecnia 09/11/2005   636.5085 C83 1996 5102004768 18/01/2022 Ej.5 18/01/2022 Libro    
    Dewey Decimal Classification   Préstamo 5 días   General Zootecnia Zootecnia 09/11/2005 S/N 636.5085 C83 1996 5102004769 18/01/2022 Ej.6 18/01/2022 Libro    
    Dewey Decimal Classification   Préstamo 5 días   General Zootecnia Zootecnia 09/11/2005 S/N 636.5085 C83 1996 5102005046 18/01/2022 Ej.7 18/01/2022 Libro    
    Dewey Decimal Classification   Préstamo 5 días   General Zootecnia Zootecnia 09/11/2005 S/N 636.5085 C83 1996 5102005047 18/01/2022 Ej.8 18/01/2022 Libro    
    Dewey Decimal Classification   Préstamo 5 días   General Zootecnia Zootecnia 09/11/2005 S/N 636.5085 C83 1996 5102005049 18/01/2022 Ej.10 18/01/2022 Libro    
    Dewey Decimal Classification   Préstamo 5 días   General Zootecnia Zootecnia 09/11/2005 S/N 636.5085 C83 1996 5102005050 18/01/2022 Ej.11 18/01/2022 Libro    
    Dewey Decimal Classification   Préstamo 5 días   General Zootecnia Zootecnia 09/11/2005 S/N 636.5085 C83 1996 5102005051 18/01/2022 Ej.12 18/01/2022 Libro